[Event "12e Open de Quenza"]
[Site "Quenza"]
[Date "2023.07.23"]
[Round "1.1"]
[White "Fressinet, Laurent"]
[Black "Corbo, Giuseppe A."]
[Result "1-0"]
[BlackElo "1305"]
[WhiteElo "2652"]
[LiveChessVersion "1.4.6"]

1. d4 {[%clk 0:05:03]} Nf6 {[%clk 0:05:03]} 2. Nf3 {[%clk 0:05:03]} c5
{[%clk 0:05:02]} 3. d5 {[%clk 0:05:03]} d6 {[%clk 0:04:57]} 4. Nc3
{[%clk 0:05:03]} g6 {[%clk 0:04:53]} 5. e4 {[%clk 0:05:03]} Bg4 {[%clk 0:04:46]}
6. Be2 {[%clk 0:04:55]} Qa5 {[%clk 0:04:40]} 7. O-O {[%clk 0:04:47]} Bg7
{[%clk 0:04:37]} 8. e5 {[%clk 0:04:40]} dxe5 {[%clk 0:04:24]} 9. Nxe5
{[%clk 0:04:40]} Bxe2 {[%clk 0:04:03]} 10. Qxe2 {[%clk 0:04:40]} O-O
{[%clk 0:03:52]} 11. Re1 {[%clk 0:04:39]} Qd8 {[%clk 0:03:32]} 12. Qf3
{[%clk 0:04:30]} Nbd7 {[%clk 0:02:59]} 13. Bf4 {[%clk 0:04:30]} Nxe5
{[%clk 0:02:54]} 14. Bxe5 {[%clk 0:04:30]} Rc8 {[%clk 0:02:36]} 15. Rad1
{[%clk 0:04:30]} Qb6 {[%clk 0:02:27]} 16. d6 {[%clk 0:04:28]} exd6
{[%clk 0:02:18]} 17. Bxf6 {[%clk 0:04:28]} Qc6 {[%clk 0:01:59]} 18. Nd5
{[%clk 0:04:26]} Rfe8 {[%clk 0:01:52]} 19. Bxg7 {[%clk 0:04:14]} Rxe1+
{[%clk 0:01:44]} 20. Rxe1 {[%clk 0:04:14]} Kxg7 {[%clk 0:01:34]} 21. Qf6+
{[%clk 0:04:14]} Kf8 {[%clk 0:01:20]} 22. Qh8# {[%clk 0:04:14]} 1-0

[Event "12e Open de Quenza"]
[Site "Quenza"]
[Date "2023.07.23"]
[Round "1.2"]
[White "Gerandi, Pierre-Marie"]
[Black "Bellahcene, Bilel"]
[Result "0-1"]
[BlackElo "2520"]
[WhiteElo "1178"]
[LiveChessVersion "1.4.6"]

1. e4 c5 2. Nf3 Nc6 3. g3 Nf6 4. d3 e5 5. Bg2 d5 6. exd5 Nxd5 7. O-O Bd6 8. Bd2
O-O 9. Nc3 Nc7 10. Re1 Re8 11. Be3 Bf8 12. Bg5 f6 13. Be3 Be6 14. Qd2 Qd7 15. Qe2
Rad8 16. Rad1 b6 17. Nh4 Bg4 18. Nf3 Nd4 19. Bxd4 {[%clk 0:04:16]} exd4
{[%clk 0:04:31]} 20. Ne4 {[%clk 0:04:13]} f5 {[%clk 0:04:26]} 21. Nf6+ gxf6 22.
Qd2 {[%clk 0:04:09]} Bh5 {[%clk 0:04:22]} 23. Rc1 {[%clk 0:03:53]} Rxe1+ 24. Rxe1
Re8 {[%clk 0:04:09]} 25. Rxe8 {[%clk 0:03:44]} Nxe8 {[%clk 0:04:09]} 26. h4
{[%clk 0:03:33]} Qd6 {[%clk 0:04:04]} 27. Ne1 {[%clk 0:03:21]} Bf7
{[%clk 0:03:58]} 28. Bh3 {[%clk 0:03:21]} Qe6 {[%clk 0:03:57]} 29. Nf3
{[%clk 0:03:20]} Qd5 {[%clk 0:03:50]} 30. Bg2 {[%clk 0:03:20]} Qxa2
{[%clk 0:03:50]} 31. Qf4 {[%clk 0:03:09]} Qe6 {[%clk 0:03:46]} 32. Bh3
{[%clk 0:02:53]} Bd6 {[%clk 0:03:44]} 33. Qh6 {[%clk 0:02:49]} a5
{[%clk 0:03:39]} 34. h5 {[%clk 0:02:22]} Bf8 {[%clk 0:03:39]} 35. Qf4
{[%clk 0:02:22]} Nd6 {[%clk 0:03:39]} 36. h6 {[%clk 0:01:45]} a4 {[%clk 0:03:37]}
37. g4 {[%clk 0:01:45]} fxg4 {[%clk 0:03:35]} 38. Bxg4 {[%clk 0:01:45]} f5
{[%clk 0:03:35]} 39. Ng5 {[%clk 0:01:10]} Bxh6 {[%clk 0:03:32]} 0-1

[Event "12e Open de Quenza"]
[Site "Quenza"]
[Date "2023.07.23"]
[Round "1.3"]
[White "Van Wely, Loek"]
[Black "Tomasi, Josephine"]
[Result "1-0"]
[BlackElo "1130"]
[WhiteElo "2644"]
[LiveChessVersion "1.4.6"]

1. d4 {[%clk 0:05:03]} d5 {[%clk 0:05:03]} 2. c4 {[%clk 0:05:03]} e5
{[%clk 0:05:03]} 3. dxe5 {[%clk 0:05:03]} Nc6 {[%clk 0:04:52]} 4. cxd5
{[%clk 0:05:02]} Nxe5 {[%clk 0:04:52]} 5. Nc3 {[%clk 0:05:02]} Nf6
{[%clk 0:04:51]} 6. f4 {[%clk 0:04:46]} Ned7 {[%clk 0:04:42]} 7. e4
{[%clk 0:04:45]} c6 {[%clk 0:03:55]} 8. d6 {[%clk 0:04:40]} Nc5 {[%clk 0:03:07]}
9. e5 {[%clk 0:04:23]} Nfe4 {[%clk 0:02:34]} 10. Nf3 {[%clk 0:04:17]} f6
{[%clk 0:02:25]} 11. Nxe4 {[%clk 0:03:47]} Nxe4 {[%clk 0:02:19]} 12. Qd4
{[%clk 0:03:47]} Bf5 {[%clk 0:02:00]} 13. g4 {[%clk 0:02:30]} Qa5+
{[%clk 0:01:54]} 14. b4 {[%clk 0:02:30]} Qd5 {[%clk 0:01:39]} 15. Qxd5
{[%clk 0:02:25]} cxd5 {[%clk 0:01:39]} 16. gxf5 {[%clk 0:02:25]} Bxd6 17. exd6
{[%clk 0:02:25]} Nxd6 {[%clk 0:00:55]} 18. Nd4 {[%clk 0:02:24]} O-O
{[%clk 0:00:51]} 19. Bg2 {[%clk 0:02:00]} Rfe8+ {[%clk 0:00:51]} 20. Kf2
{[%clk 0:02:00]} Ne4+ {[%clk 0:00:49]} 21. Bxe4 {[%clk 0:01:59]} Rxe4
{[%clk 0:00:49]} 22. Be3 {[%clk 0:01:56]} Rc8 {[%clk 0:00:47]} 23. Rac1
{[%clk 0:01:56]} Rc4 {[%clk 0:00:41]} 24. Rxc4 {[%clk 0:01:56]} dxc4 25. Rc1
{[%clk 0:01:56]} b5 {[%clk 0:00:37]} 26. Nxb5 {[%clk 0:01:56]} c3
{[%clk 0:00:17]} 27. a3 {[%clk 0:01:52]} Rc4 {[%clk 0:00:16]} 28. Rxc3
{[%clk 0:01:52]} 1-0

[Event "12e Open de Quenza"]
[Site "Quenza"]
[Date "2023.07.23"]
[Round "1.4"]
[White "Nizio Ferreira, Leandre"]
[Black "Tregubov, Pavel V."]
[Result "0-1"]
[BlackElo "2567"]
[WhiteElo "1291"]
[LiveChessVersion "1.4.6"]

1. Nf3 {[%clk 0:05:03]} Nf6 {[%clk 0:05:03]} 2. g3 {[%clk 0:05:03]} c5
{[%clk 0:05:03]} 3. Bg2 {[%clk 0:05:03]} Nc6 {[%clk 0:05:03]} 4. O-O
{[%clk 0:05:03]} e5 {[%clk 0:05:03]} 5. d3 {[%clk 0:05:03]} d5 {[%clk 0:05:03]}
6. Nbd2 {[%clk 0:05:03]} Be7 {[%clk 0:05:03]} 7. e4 {[%clk 0:05:03]} O-O
{[%clk 0:05:03]} 8. Re1 {[%clk 0:04:58]} d4 {[%clk 0:05:00]} 9. Nc4
{[%clk 0:04:49]} Qc7 {[%clk 0:05:00]} 10. a4 {[%clk 0:04:49]} Be6
{[%clk 0:04:59]} 11. Na3 {[%clk 0:04:17]} a6 {[%clk 0:04:41]} 12. c4
{[%clk 0:04:17]} Ne8 {[%clk 0:04:27]} 13. Nc2 {[%clk 0:04:13]} Nd6
{[%clk 0:04:26]} 14. Bd2 {[%clk 0:04:06]} b5 {[%clk 0:04:00]} 15. b3
{[%clk 0:03:50]} f6 {[%clk 0:03:52]} 16. Qe2 {[%clk 0:03:29]} Rab8
{[%clk 0:03:52]} 17. Ra2 {[%clk 0:02:25]} Qd7 {[%clk 0:03:44]} 18. axb5
{[%clk 0:02:02]} axb5 {[%clk 0:03:44]} 19. Ra6 {[%clk 0:02:02]} bxc4
{[%clk 0:03:21]} 20. bxc4 {[%clk 0:02:02]} Nxc4 {[%clk 0:03:14]} 21. Rxc6
{[%clk 0:01:43]} Nxd2 {[%clk 0:03:03]} 22. Nxe5 {[%clk 0:00:58]} fxe5
{[%clk 0:03:01]} 23. Rxe6 {[%clk 0:00:43]} Qxe6 {[%clk 0:03:00]} 24. Qxd2
{[%clk 0:00:43]} c4 {[%clk 0:02:58]} 25. dxc4 {[%clk 0:00:32]} Qxc4
{[%clk 0:02:58]} 26. Bf1 {[%clk 0:00:29]} Qc3 {[%clk 0:02:49]} 27. Qxc3
{[%clk 0:00:19]} dxc3 {[%clk 0:02:49]} 28. Re3 {[%clk 0:00:19]} Rfc8
{[%clk 0:02:29]} 29. Rd3 {[%clk 0:00:18]} Rb2 {[%clk 0:02:28]} 30. Ne3
{[%clk 0:00:13]} c2 {[%clk 0:02:27]} 0-1

[Event "12e Open de Quenza"]
[Site "Quenza"]
[Date "2023.07.23"]
[Round "1.5"]
[White "Kosteniuk, Alexandra"]
[Black "Guillemin, Olivier"]
[Result "1-0"]
[BlackElo "1009"]
[WhiteElo "2532"]
[LiveChessVersion "1.4.6"]

1. e4 {[%clk 0:05:03]} e5 {[%clk 0:05:03]} 2. Nf3 {[%clk 0:05:03]} Nc6
{[%clk 0:05:03]} 3. Bc4 {[%clk 0:05:03]} Bc5 {[%clk 0:05:03]} 4. c3
{[%clk 0:05:03]} Nf6 {[%clk 0:05:03]} 5. d4 {[%clk 0:05:02]} exd4
{[%clk 0:05:03]} 6. b4 {[%clk 0:05:02]} Bb6 {[%clk 0:05:03]} 7. e5
{[%clk 0:05:02]} Ng4 {[%clk 0:04:57]} 8. Bxf7+ {[%clk 0:04:31]} Kxf7
{[%clk 0:04:50]} 9. Ng5+ {[%clk 0:04:31]} Ke8 {[%clk 0:04:45]} 10. Qxg4
{[%clk 0:04:31]} d6 {[%clk 0:04:38]} 11. e6 {[%clk 0:04:12]} dxc3
{[%clk 0:04:19]} 12. O-O {[%clk 0:03:56]} Nd4 {[%clk 0:04:11]} 13. Nxc3
{[%clk 0:03:48]} Qe7 {[%clk 0:03:51]} 14. Nd5 {[%clk 0:03:15]} Qd8
{[%clk 0:03:41]} 15. Nxb6 {[%clk 0:03:12]} axb6 {[%clk 0:03:35]} 16. Qxd4
{[%clk 0:03:12]} c5 {[%clk 0:03:31]} 17. Qxg7 {[%clk 0:03:12]} Rf8
{[%clk 0:03:25]} 18. Qxh7 {[%clk 0:03:08]} cxb4 {[%clk 0:02:58]} 19. Qg6+
{[%clk 0:03:06]} Ke7 {[%clk 0:02:53]} 20. Bb2 {[%clk 0:03:06]} Ra5
{[%clk 0:02:20]} 21. Qg7+ {[%clk 0:02:58]} Ke8 {[%clk 0:01:58]} 22. e7
{[%clk 0:02:58]} Qxe7 {[%clk 0:00:52]} 23. Rae1 {[%clk 0:02:58]} Re5
{[%clk 0:00:16]} 24. Bxe5 {[%clk 0:02:58]} dxe5 {[%clk 0:00:16]} 25. Rxe5
{[%clk 0:02:58]} Qxe5 1-0

[Event "12e Open de Quenza"]
[Site "Quenza"]
[Date "2023.07.23"]
[Round "1.6"]
[White "Bartoli, Ange-Toussaint"]
[Black "Maurizzi, Marc Andria"]
[Result "0-1"]
[BlackElo "2556"]
[WhiteElo "1145"]
[LiveChessVersion "1.4.6"]

1. e4 {[%clk 0:05:03]} c5 {[%clk 0:05:03]} 2. Nf3 {[%clk 0:05:03]} Nc6
{[%clk 0:05:03]} 3. d4 {[%clk 0:05:03]} cxd4 {[%clk 0:05:03]} 4. Nxd4
{[%clk 0:05:03]} Nf6 {[%clk 0:05:03]} 5. Nc3 {[%clk 0:05:01]} e6 {[%clk 0:05:03]}
6. Bg5 {[%clk 0:04:54]} Qb6 {[%clk 0:05:03]} 7. Nb3 {[%clk 0:04:40]} a6
{[%clk 0:05:03]} 8. Qd3 {[%clk 0:04:33]} Qc7 {[%clk 0:04:52]} 9. O-O-O b5 10. g3
{[%clk 0:04:19]} d6 {[%clk 0:04:40]} 11. Bg2 {[%clk 0:04:13]} Ne5
{[%clk 0:04:40]} 12. Qe2 {[%clk 0:04:05]} b4 {[%clk 0:04:36]} 13. Bxf6
{[%clk 0:03:27]} gxf6 {[%clk 0:04:33]} 14. Na4 {[%clk 0:03:17]} Bd7
{[%clk 0:04:33]} 15. f4 {[%clk 0:03:12]} Bxa4 {[%clk 0:04:23]} 16. fxe5
{[%clk 0:03:11]} fxe5 {[%clk 0:04:23]} 17. Rhf1 {[%clk 0:03:02]} Bb5
{[%clk 0:04:23]} 18. Qf3 {[%clk 0:02:37]} Bxf1 {[%clk 0:04:23]} 19. Rxf1
{[%clk 0:02:33]} h5 {[%clk 0:04:16]} 20. h4 {[%clk 0:02:22]} Rc8 {[%clk 0:04:08]}
21. Rf2 {[%clk 0:02:08]} Rg8 {[%clk 0:03:45]} 22. Bf1 {[%clk 0:01:59]} Ra8
{[%clk 0:03:41]} 23. Nd2 {[%clk 0:01:33]} Bh6 {[%clk 0:03:35]} 24. Qxh5
{[%clk 0:01:26]} Qa7 {[%clk 0:02:54]} 25. Rf3 {[%clk 0:01:01]} Bxd2+
{[%clk 0:02:43]} 26. Kxd2 {[%clk 0:01:01]} Rc8 {[%clk 0:02:43]} 27. Bd3
{[%clk 0:00:47]} Rc7 {[%clk 0:02:33]} 28. Qh7 {[%clk 0:00:30]} Rf8
{[%clk 0:02:33]} 29. h5 {[%clk 0:00:30]} Qg1 {[%clk 0:02:33]} 30. h6
{[%clk 0:00:24]} Qg2+ {[%clk 0:02:33]} 31. Kc1 {[%clk 0:00:24]} Qxf3
{[%clk 0:02:32]} 0-1

[Event "12e Open de Quenza"]
[Site "Quenza"]
[Date "2023.07.23"]
[Round "1.7"]
[White "Travadon, Loic"]
[Black "Dessendier, Matheo"]
[Result "1-0"]
[BlackElo "1199"]
[WhiteElo "2463"]
[LiveChessVersion "1.4.6"]

1. e4 {[%clk 0:04:51]} e5 {[%clk 0:05:03]} 2. Nf3 {[%clk 0:04:44]} Nc6
{[%clk 0:05:02]} 3. Bc4 {[%clk 0:04:38]} Nf6 {[%clk 0:04:57]} 4. d3
{[%clk 0:04:35]} Bc5 {[%clk 0:04:40]} 5. c3 {[%clk 0:04:33]} d6 {[%clk 0:04:29]}
6. h3 {[%clk 0:04:31]} Ne7 {[%clk 0:03:56]} 7. a4 {[%clk 0:03:49]} a6
{[%clk 0:03:36]} 8. Be3 {[%clk 0:03:41]} Bxe3 {[%clk 0:03:16]} 9. fxe3
{[%clk 0:03:41]} d5 {[%clk 0:03:16]} 10. exd5 {[%clk 0:03:41]} Nexd5
{[%clk 0:03:16]} 11. Qe2 {[%clk 0:03:22]} c6 {[%clk 0:03:10]} 12. O-O
{[%clk 0:03:21]} Qc7 {[%clk 0:03:07]} 13. Nbd2 {[%clk 0:03:19]} Bd7
{[%clk 0:02:36]} 14. d4 {[%clk 0:03:19]} e4 {[%clk 0:02:24]} 15. Ne5
{[%clk 0:03:03]} b5 {[%clk 0:01:48]} 16. axb5 {[%clk 0:03:02]} cxb5
{[%clk 0:01:48]} 17. Bxd5 {[%clk 0:02:57]} Nxd5 {[%clk 0:01:46]} 18. Rxf7
{[%clk 0:02:56]} Nf6 {[%clk 0:01:26]} 19. Rxf6 {[%clk 0:02:56]} gxf6
{[%clk 0:01:24]} 20. Qh5+ {[%clk 0:02:56]} Ke7 {[%clk 0:01:03]} 21. Qf7+
{[%clk 0:02:54]} Kd8 {[%clk 0:01:02]} 22. Qxf6+ {[%clk 0:02:54]} Kc8
{[%clk 0:01:01]} 23. Qxh8+ {[%clk 0:02:53]} Kb7 {[%clk 0:01:01]} 24. Qg7
{[%clk 0:02:53]} Rd8 {[%clk 0:00:55]} 25. Nxe4 {[%clk 0:02:52]} Kb8
{[%clk 0:00:20]} 26. Nxd7+ {[%clk 0:02:47]} Rxd7 {[%clk 0:00:17]} 27. Qg3
{[%clk 0:02:46]} Qxg3 {[%clk 0:00:16]} 28. Nxg3 {[%clk 0:02:46]} Rg7
{[%clk 0:00:16]} 29. Nf1 {[%clk 0:02:44]} Kb7 {[%clk 0:00:16]} 30. e4
{[%clk 0:02:44]} Re7 {[%clk 0:00:16]} 31. e5 {[%clk 0:02:44]} Kb6
{[%clk 0:00:16]} 32. Kf2 {[%clk 0:02:44]} a5 {[%clk 0:00:16]} 33. Ke3
{[%clk 0:02:44]} a4 {[%clk 0:00:16]} 34. Ke4 {[%clk 0:02:44]} Kc6
{[%clk 0:00:16]} 35. Ne3 {[%clk 0:02:44]} Rg7 {[%clk 0:00:12]} 36. d5+
{[%clk 0:02:44]} Kc7 {[%clk 0:00:12]} 37. e6 {[%clk 0:02:44]} Rg5
{[%clk 0:05:03]} 38. Rf1 1-0

[Event "12e Open de Quenza"]
[Site "Quenza"]
[Date "2023.07.23"]
[Round "1.8"]
[White "Bass, Liam"]
[Black "Glek, Igor"]
[Result "0-1"]
[BlackElo "2410"]
[WhiteElo "1199"]
[LiveChessVersion "1.4.6"]

1. e4 {[%clk 0:05:03]} c5 {[%clk 0:05:03]} 2. Nf3 {[%clk 0:05:02]} a6
{[%clk 0:05:03]} 3. g3 {[%clk 0:05:02]} Nc6 {[%clk 0:05:03]} 4. Bg2
{[%clk 0:05:02]} e5 {[%clk 0:05:03]} 5. O-O {[%clk 0:05:01]} g6 {[%clk 0:05:03]}
6. c3 {[%clk 0:04:49]} Bg7 {[%clk 0:05:03]} 7. d3 {[%clk 0:04:35]} Nge7
{[%clk 0:05:03]} 8. Bg5 {[%clk 0:04:08]} h6 {[%clk 0:04:44]} 9. Be3
{[%clk 0:03:45]} d6 {[%clk 0:04:44]} 10. c4 {[%clk 0:03:37]} f5 {[%clk 0:04:38]}
11. Nfd2 {[%clk 0:03:15]} f4 {[%clk 0:04:31]} 12. gxf4 {[%clk 0:03:10]} exf4
{[%clk 0:04:31]} 13. Bxf4 {[%clk 0:02:57]} Bxb2 {[%clk 0:04:31]} 14. Nc3
{[%clk 0:02:46]} Bxc3 {[%clk 0:04:31]} 15. Rc1 {[%clk 0:02:43]} Bg7
{[%clk 0:04:31]} 16. Nb3 {[%clk 0:02:14]} O-O {[%clk 0:04:31]} 17. Be3
{[%clk 0:02:06]} Nd4 {[%clk 0:04:27]} 18. Qd2 {[%clk 0:01:23]} g5
{[%clk 0:04:25]} 19. Rcd1 {[%clk 0:01:10]} Ng6 {[%clk 0:04:25]} 20. Bxd4
{[%clk 0:01:07]} cxd4 {[%clk 0:04:25]} 21. Qb2 {[%clk 0:00:51]} Be5
{[%clk 0:04:25]} 22. Nxd4 {[%clk 0:00:38]} Qf6 {[%clk 0:04:25]} 23. Qd2
{[%clk 0:00:18]} Bxd4 {[%clk 0:04:25]} 24. Rc1 {[%clk 0:00:15]} Be5
{[%clk 0:04:25]} 25. Rc2 {[%clk 0:00:11]} Qf4 {[%clk 0:04:23]} 26. Qxf4
{[%clk 0:00:11]} Nxf4 {[%clk 0:04:23]} 27. Rd2 {[%clk 0:00:10]} Bc3
{[%clk 0:04:23]} 28. Rc2 {[%clk 0:00:10]} Bd4 {[%clk 0:04:23]} 29. Rd2
{[%clk 0:00:10]} Bh3 {[%clk 0:04:23]} 30. Bxh3 {[%clk 0:00:10]} Nxh3+
{[%clk 0:04:23]} 31. Kg2 {[%clk 0:00:10]} Nxf2 {[%clk 0:04:23]} 32. Rfxf2
{[%clk 0:00:10]} Rxf2+ {[%clk 0:04:23]} 33. Rxf2 {[%clk 0:00:10]} Bxf2
{[%clk 0:04:23]} 34. Kxf2 {[%clk 0:00:10]} b5 {[%clk 0:04:23]} 35. cxb5
{[%clk 0:00:10]} axb5 {[%clk 0:04:23]} 36. Ke3 {[%clk 0:00:10]} Rxa2
{[%clk 0:04:23]} 37. Kd4 {[%clk 0:00:10]} Rc2 {[%clk 0:04:23]} 38. Kd5
{[%clk 0:00:10]} b4 {[%clk 0:04:23]} 39. Kxd6 {[%clk 0:00:10]} b3
{[%clk 0:04:23]} 40. e5 {[%clk 0:00:10]} b2 {[%clk 0:04:23]} 41. e6
{[%clk 0:00:10]} b1=Q {[%clk 0:04:23]} 42. e7 {[%clk 0:00:10]} Qb6+
{[%clk 0:04:23]} 43. Kd7 {[%clk 0:00:10]} Qc6+ {[%clk 0:04:23]} 44. Kd8
{[%clk 0:00:09]} Qc8# 0-1

[Event "12e Open de Quenza"]
[Site "Quenza"]
[Date "2023.07.23"]
[Round "2.1"]
[White "Ratier-Fontana, Loic"]
[Black "Fressinet, Laurent"]
[Result "0-1"]
[BlackElo "2652"]
[WhiteElo "1821"]
[LiveChessVersion "1.4.6"]

1. b3 {[%clk 0:05:03]} g6 {[%clk 0:05:03]} 2. Bb2 {[%clk 0:05:03]} Nf6
{[%clk 0:05:03]} 3. e3 {[%clk 0:05:03]} Bg7 {[%clk 0:05:03]} 4. Nf3
{[%clk 0:05:03]} c5 {[%clk 0:05:03]} 5. d4 {[%clk 0:05:01]} b6 {[%clk 0:04:59]}
6. Nbd2 {[%clk 0:04:58]} Bb7 {[%clk 0:04:55]} 7. Bd3 {[%clk 0:04:49]} O-O
{[%clk 0:04:54]} 8. O-O {[%clk 0:04:49]} Nc6 {[%clk 0:04:38]} 9. Re1
{[%clk 0:04:37]} Rc8 {[%clk 0:04:36]} 10. a3 {[%clk 0:04:25]} d6 {[%clk 0:04:27]}
11. Rc1 {[%clk 0:04:15]} Re8 {[%clk 0:04:20]} 12. c4 {[%clk 0:04:10]} cxd4
{[%clk 0:03:41]} 13. exd4 {[%clk 0:04:05]} d5 {[%clk 0:03:41]} 14. Qe2
{[%clk 0:03:40]} Nh5 {[%clk 0:03:21]} 15. cxd5 {[%clk 0:03:05]} Nf4
{[%clk 0:03:10]} 16. Qf1 {[%clk 0:03:02]} Nxd5 {[%clk 0:03:00]} 17. Bc4
{[%clk 0:02:55]} Na5 {[%clk 0:02:55]} 18. Red1 {[%clk 0:02:42]} Nxc4
{[%clk 0:02:52]} 19. bxc4 {[%clk 0:02:16]} Nf4 {[%clk 0:02:52]} 20. g3
{[%clk 0:01:59]} Nh5 {[%clk 0:02:34]} 21. Qe2 {[%clk 0:01:53]} Qd6
{[%clk 0:02:28]} 22. Ne4 {[%clk 0:01:50]} Bxe4 {[%clk 0:02:14]} 23. Qxe4
{[%clk 0:01:50]} Qc6 {[%clk 0:02:14]} 24. d5 {[%clk 0:01:45]} Qd6
{[%clk 0:02:12]} 25. Bxg7 {[%clk 0:01:44]} Kxg7 {[%clk 0:02:12]} 26. Re1
{[%clk 0:01:38]} Nf6 {[%clk 0:01:54]} 27. Qd3 {[%clk 0:01:37]} e6
{[%clk 0:01:50]} 28. Rcd1 {[%clk 0:01:34]} exd5 {[%clk 0:01:50]} 29. Rxe8
{[%clk 0:01:34]} Rxe8 {[%clk 0:01:50]} 30. cxd5 {[%clk 0:01:34]} Rd8
{[%clk 0:01:48]} 31. Qc3 {[%clk 0:01:34]} Kg8 {[%clk 0:01:44]} 32. Qd3
{[%clk 0:01:07]} Qxd5 {[%clk 0:01:37]} 33. Qxd5 {[%clk 0:01:07]} Rxd5
{[%clk 0:01:37]} 34. Rc1 {[%clk 0:01:07]} Ra5 {[%clk 0:01:24]} 35. Rc3
{[%clk 0:01:07]} Ne4 {[%clk 0:01:17]} 36. Rb3 {[%clk 0:01:07]} Rc5
{[%clk 0:01:09]} 37. Rd3 {[%clk 0:01:07]} Rc1+ {[%clk 0:01:08]} 38. Kg2
{[%clk 0:01:07]} Rc2 {[%clk 0:01:08]} 39. Re3 {[%clk 0:00:57]} f5
{[%clk 0:01:08]} 40. h4 {[%clk 0:00:51]} Rxf2+ {[%clk 4:04:46]} 41. Kh3
{[%clk 0:00:51]} Rb2 {[%clk 0:00:52]} 42. g4 {[%clk 0:00:49]} Nf2+
{[%clk 0:00:35]} 43. Kg3 {[%clk 0:00:49]} Nxg4 {[%clk 0:00:35]} 44. Re7
{[%clk 0:00:49]} Rb3 {[%clk 0:00:31]} 45. Rxa7 {[%clk 0:00:49]} Ne5
{[%clk 0:00:31]} 0-1

[Event "12e Open de Quenza"]
[Site "Quenza"]
[Date "2023.07.23"]
[Round "2.2"]
[White "Bellahcene, Bilel"]
[Black "Buchta, Agnieszka"]
[Result "1-0"]
[BlackElo "1807"]
[WhiteElo "2520"]
[LiveChessVersion "1.4.6"]

1. e4 {[%clk 0:05:03]} e5 {[%clk 0:05:03]} 2. Nf3 {[%clk 0:05:03]} Nc6
{[%clk 0:05:03]} 3. Bb5 {[%clk 0:05:03]} a6 {[%clk 0:05:03]} 4. Ba4
{[%clk 0:05:03]} Nf6 {[%clk 0:05:03]} 5. O-O {[%clk 0:05:03]} b5 {[%clk 0:05:00]}
6. Bb3 {[%clk 0:05:03]} Be7 {[%clk 0:05:00]} 7. d3 {[%clk 0:04:59]} d6
{[%clk 0:05:00]} 8. a3 {[%clk 0:04:59]} O-O {[%clk 0:04:55]} 9. Nc3
{[%clk 0:04:55]} Na5 {[%clk 0:04:26]} 10. Ba2 {[%clk 0:04:55]} c5
{[%clk 0:04:26]} 11. b4 {[%clk 0:04:54]} Nc6 {[%clk 0:04:14]} 12. Nd5
{[%clk 0:04:54]} h6 {[%clk 0:03:16]} 13. h3 {[%clk 0:04:54]} Re8 {[%clk 0:03:16]}
14. Be3 {[%clk 0:04:54]} Bf8 {[%clk 0:03:16]} 15. Nd2 {[%clk 0:04:40]} Rb8
{[%clk 0:02:47]} 16. Nxf6+ {[%clk 0:04:35]} Qxf6 {[%clk 0:02:46]} 17. Bd5
{[%clk 0:04:31]} Bb7 {[%clk 0:02:21]} 18. f4 {[%clk 0:04:28]} Qe7
{[%clk 0:01:46]} 19. f5 {[%clk 0:04:23]} cxb4 {[%clk 0:01:22]} 20. f6
{[%clk 0:04:10]} gxf6 {[%clk 0:00:56]} 21. Qg4+ {[%clk 0:04:10]} Kh7
{[%clk 0:00:56]} 22. Qf5+ {[%clk 0:04:08]} Kh8 {[%clk 0:00:52]} 23. Qh5
{[%clk 0:04:08]} Kh7 {[%clk 0:00:49]} 24. Bxf7 {[%clk 0:04:07]} Rec8
{[%clk 0:00:44]} 25. Bxh6 {[%clk 0:04:04]} Bxh6 {[%clk 0:00:43]} 26. Qg6+
{[%clk 0:04:04]} Kh8 {[%clk 0:00:42]} 27. Qxh6# {[%clk 0:04:04]} 1-0

[Event "12e Open de Quenza"]
[Site "Quenza"]
[Date "2023.07.23"]
[Round "2.3"]
[White "Deladerriere, Apollo"]
[Black "Van Wely, Loek"]
[Result "0-1"]
[BlackElo "2644"]
[WhiteElo "1797"]
[LiveChessVersion "1.4.6"]

1. e4 {[%clk 0:05:03]} c5 {[%clk 0:05:03]} 2. Nf3 {[%clk 0:05:03]} d6
{[%clk 0:05:03]} 3. d4 {[%clk 0:05:03]} cxd4 {[%clk 0:05:03]} 4. Qxd4
{[%clk 0:05:03]} Nf6 {[%clk 0:05:03]} 5. c4 {[%clk 0:05:03]} Nc6 {[%clk 0:05:03]}
6. Qe3 {[%clk 0:05:03]} Bg4 {[%clk 0:04:56]} 7. Be2 {[%clk 0:04:48]} g6
{[%clk 0:04:56]} 8. O-O {[%clk 0:04:48]} Bg7 {[%clk 0:04:56]} 9. Nc3
{[%clk 0:04:48]} O-O {[%clk 0:04:56]} 10. Rb1 {[%clk 0:04:40]} Nd7
{[%clk 0:04:46]} 11. b3 {[%clk 0:04:30]} Nc5 {[%clk 0:04:32]} 12. Bb2
{[%clk 0:04:26]} a6 {[%clk 0:04:02]} 13. Rfd1 {[%clk 0:04:01]} Qa5
{[%clk 0:03:32]} 14. Rd2 {[%clk 0:03:33]} Rfe8 {[%clk 0:02:54]} 15. h3
{[%clk 0:03:19]} Bxf3 {[%clk 0:02:54]} 16. Bxf3 {[%clk 0:03:19]} Rac8
{[%clk 0:02:48]} 17. Nd5 {[%clk 0:03:04]} Bxb2 {[%clk 0:01:20]} 18. Rbxb2
{[%clk 0:02:58]} Qa3 {[%clk 0:01:20]} 19. Bg4 {[%clk 0:02:09]} Rcd8
{[%clk 0:01:17]} 20. Rb1 {[%clk 0:02:00]} Nb4 {[%clk 0:01:01]} 21. Nxb4
{[%clk 0:01:27]} Qxb4 {[%clk 0:01:01]} 22. Rbd1 {[%clk 0:01:24]} Rb8
{[%clk 0:00:40]} 23. Rd5 {[%clk 0:01:04]} b6 {[%clk 0:00:27]} 24. e5
{[%clk 0:01:04]} dxe5 {[%clk 0:00:27]} 25. Qxe5 {[%clk 0:01:03]} e6
{[%clk 0:00:27]} 26. R5d2 {[%clk 0:00:59]} a5 {[%clk 0:00:26]} 27. Qf6
{[%clk 0:00:40]} a4 {[%clk 0:00:23]} 28. Qb2 {[%clk 0:00:33]} axb3
{[%clk 0:00:23]} 29. axb3 {[%clk 0:00:32]} Qxb3 {[%clk 0:00:23]} 30. Qxb3
{[%clk 0:00:32]} Nxb3 31. Rb2 Na5 {[%clk 0:00:23]} 32. Be2 {[%clk 0:00:26]} Rec8
{[%clk 0:00:21]} 33. Rd6 {[%clk 0:00:25]} Nxc4 {[%clk 0:00:16]} 34. Bxc4 Rxc4
{[%clk 0:00:16]} 35. Rdxb6 {[%clk 0:00:23]} Rxb6 {[%clk 0:00:16]} 36. Rxb6
{[%clk 0:00:23]} g5 {[%clk 0:00:16]} 37. g3 {[%clk 0:00:21]} Kg7 {[%clk 0:00:16]}
38. Kg2 {[%clk 0:00:21]} h5 {[%clk 0:00:16]} 39. Rb5 {[%clk 0:00:15]} Kg6
{[%clk 0:00:16]} 40. Rb8 {[%clk 0:00:15]} h4 {[%clk 0:00:16]} 41. gxh4
{[%clk 0:00:09]} Rxh4 {[%clk 0:00:16]} 42. Rb7 {[%clk 0:00:09]} Ra4
{[%clk 0:00:16]} 43. Kg3 {[%clk 0:00:09]} f5 {[%clk 0:00:16]} 44. Rb6
{[%clk 0:00:08]} Kf6 {[%clk 0:00:16]} 45. Rb5 {[%clk 0:00:08]} Rd4
{[%clk 0:00:14]} 46. Ra5 {[%clk 0:00:08]} Rd5 {[%clk 0:00:14]} 47. Ra1
{[%clk 0:00:07]} Rd3+ {[%clk 0:00:14]} 48. f3 {[%clk 0:00:07]} Rd2
{[%clk 0:00:11]} 49. Ra5 {[%clk 0:00:07]} f4+ {[%clk 0:00:11]} 50. Kg4
{[%clk 0:00:07]} Rg2+ {[%clk 0:00:11]} 51. Kh5 {[%clk 0:00:07]} Rg3
{[%clk 0:00:11]} 52. h4 {[%clk 0:00:05]} gxh4 {[%clk 0:00:11]} 53. Kxh4
{[%clk 0:00:05]} Rxf3 {[%clk 0:00:11]} 54. Kg4 {[%clk 0:00:05]} Rf1
{[%clk 0:00:11]} 55. Ra4 {[%clk 0:00:05]} e5 {[%clk 0:00:11]} 56. Ra6+
{[%clk 0:00:05]} Ke7 {[%clk 0:00:11]} 57. Kf5 {[%clk 0:00:05]} Re1
{[%clk 0:00:11]} 58. Ra7+ {[%clk 0:00:04]} Kd6 {[%clk 0:00:11]} 59. Ra5
{[%clk 0:00:04]} f3 {[%clk 0:00:11]} 60. Ra2 {[%clk 0:00:04]} e4 {[%clk 0:00:11]}
61. Kf4 {[%clk 0:00:04]} Re2 {[%clk 0:00:11]} 62. Ra1 {[%clk 0:00:04]} f2
{[%clk 0:00:11]} 63. Rf1 {[%clk 0:00:04]} e3 {[%clk 0:00:11]} 64. Ke5+ Kxe5 0-1